[Event "Gibraltar Challengers op-A"]
[Site "Caleta"]
[Date "2019.01.24"]
[Round "4"]
[White "Pavlov, Egor"]
[Black "Abdulraheem, Abdulrahman Akintoy"]
[Result "0-1"]
[WhiteElo "2187"]
[BlackElo "2224"]
[PlyCount "60"]
[EventDate "2019.01.21"]
[EventType "swiss"]
[EventRounds "5"]
[EventCountry "GGB"]
[SourceTitle "CBM 188 Extra"]
[Source "ChessBase"]
[SourceDate "2019.02.26"]
[SourceVersion "1"]
[SourceVersionDate "2019.02.26"]
[SourceQuality "1"]

1. c4 e5 2. Nc3 Bb4 3. Qb3 a5 4. a3 Bxc3 5. Qxc3 d6 6. g3 Ne7 7. Bg2 0-0 8. b3 Nbc6 9. e3 Bf5 10. e4 Bg4 11. h3 Bd7 12. Ne2 Qc8 13. Bb2 f5 14. d3 Rf6 15. f3 Qb8 16. 0-0 Qc8 17. g4 f4 18. b4 Ng6 19. b5 Nce7 20. d4 c5 21. dxe5 Nxe5 22. Rad1 N7g6 23. g5 Rf7 24. Rxd6 Bxh3 25. Rd5 Nh4 26. Nxf4 Bxg2 27. Nxg2 Nhxf3+ 28. Rxf3 Nxf3+ 29. Kf2 Nd4+ 30. Ke1 Qg4 0-1